000 05510cam a22019214i 4500
003 PE-LiUPU
005 20250813165636.0
008 150625s2002 sp a rb 000 0 spa d
020 _a8420009806
020 _a9788420009803
035 _a(Sirsi) i9788420009803
040 _aPE-LiUPU
_bspa
_cPE-LiUPU
_erda
049 _aPRUA
082 0 4 _a664.02
_bL81
_221
082 0 4 _a664.076
_bL85 2010
_221
100 1 _aLomas Esteban, María del Carmen,
_eautor.
245 1 0 _aIntroducción al cálculo de los procesos tecnológicos de los alimentos /
_cMaría del Carmen Lomas Esteban.
264 1 _aZaragoza, España :
_bAcribia,
_c2002.
300 _aix, 229 páginas :
_bilustraciones ;
_c27 centímetros
336 _atext
_2rdacontent
337 _aunmediated
_2rdamedia
338 _avolume
_2rdacarrier
504 _aBibliografía : páginas 229.
505 0 _aLos balances de masa y energía -- La transmisión de calor -- La evaporación -- Tratamiento del aire secado -- Economía y optimización en procesos tecnológicos -- Problemas de procesado completo -- Problemas para resolver -- Métodos de resolución por medio de la matriz de incidencia -- Tablas y diagramas psicométricos.
526 _aP203
526 _aP200
526 _aSEG65
526 _aSEG64
526 _aSEG63
526 _aSEG62
526 _aSEG61
526 _aSEG60
526 _aSEG59
526 _aSEG58
526 _aSEG57
526 _aSEG56
526 _aSEG55
526 _aSEG54
526 _aSEG53
526 _aSEG52
526 _aSEG51
526 _aSEG50
526 _aSEG49
526 _aSEG48
526 _aSEG47
526 _aSEG46
526 _aSEG24
526 _aSEG23
526 _aSEG22
526 _aSEG21
526 _aSEG20
526 _aSEG19
526 _aSEG18
526 _aSEG17
526 _aSEG16
526 _aSEG14
526 _aSEG13
526 _aSEG12
526 _aSEG11
526 _aSEG10
526 _aSEG09
526 _aSEG06
526 _aSEG05
526 _aSEG04
526 _aSEG03
526 _aSEG02
526 _aSEG68
526 _aSEG66
526 _aSEG45
526 _aSEG25
526 _aSEG01
526 _aP163
526 _aP162
526 _aP161
526 _aP160
526 _aP159
526 _aP158
526 _aP157
526 _aP156
526 _aP155
526 _aP154
526 _aP153
526 _aP152
526 _aP151
526 _aP150
526 _aP149
526 _aP142
526 _aP141
526 _aP140
526 _aP139
526 _aP138
526 _aP137
526 _aP132
526 _aP131
526 _aP130
526 _aP126
526 _aP125
526 _aP124
526 _aP123
526 _aP115
526 _aP122
526 _aP121
526 _aP116
526 _a P114
526 _aP112
526 _aP111
526 _aP104
526 _aP103
526 _aP102
526 _aP101
526 _aP100
526 _aP96
526 _aP95
526 _aP93
526 _aP92
526 _aP91
526 _aP88
526 _aP83
526 _aP82
526 _aP79
526 _aP78
526 _aP75
526 _aP74
526 _aP71
526 _aP69
526 _a P51
526 _aP49
526 _aP48
526 _aP47
526 _aP33
526 _aP31
526 _a P30
526 _aP29
526 _aP27
526 _aP26
526 _aP25
526 _aP24
526 _a P22
526 _aP10
526 _aP09
526 _a P08
526 _aP06
526 _aP05
526 _aP04
526 _aP01
541 _g001-000081;
541 _gF002-00000769;
650 0 4 _aTecnología de alimentos
_xProcesos
_vIntroducción.
910 _atqv
_crmch
_d20170720
910 _adbm
_bjpc
_cjpc
_d20181219
942 _2ddc
_cBOOK
994 _aC0
_bPEPRU
949 _a664.02 L81
_wDEWEY
_c1
_i56080
_d2016-4-27
_e2016-4-19
_lCCODEBUL1
_mBUL
_n1
_p14.00
_r0
_sY
_tBOOK
_u2015-6-25
_xINGENIERIA
_PP26
_0COMPRA
_o.STAFF. Colección General
949 _a664.076 L85 2010
_wDEWEY
_c1
_iFJ08120
_lCCODEBUJ1
_mBUJ
_n1
_p14.00
_r0
_sY
_tBOOK
_u2017-7-20
_xINGENIERIA
_PP26
_0COMPRA
_o.STAFF. Colección General Juliaca
949 _a664.076 L85 2010
_wDEWEY
_c2
_iFJ09845
_lCCODEBUJ1
_mBUJ
_n1
_p14.00
_r0
_sY
_tBOOK
_u2017-7-20
_xINGENIERIA
_PP26
_0COMPRA
_o.STAFF. Colección General Juliaca
994 _aC0
_bPEPRU
596 _a1 3
999 _a664.02 L81
_wDEWEY
_c44872
_i56080
_d44872
_e2016-4-19
_f2021-11-9
_g7
_lCCODEBUL1
_mBUL
_n1
_p14.00
_q1
_r0
_sY
_tBOOK
_u2015-6-25
_xINGENIERIA
_PP26
_0COMPRA
_o.STAFF. Colección General
999 _a664.02 L81
_wDEWEY
_c2
_i79638
_d2019-7-4
_e2019-7-3
_f2021-11-9
_g4
_lCCODEBUL1
_mBUL
_n1
_p39.00
_r0
_sY
_tBOOK
_u2018-12-19
_xINGENIERIA
_PP26
_0COMPRA
_1FCOMPR2
_o.STAFF. Colección Ingeniería y Arquitectura
999 _a664.076 L85 2010
_wDEWEY
_c1
_iFJ08120
_f2022-2-1
_g5
_lCCODEBUJ1
_mBUJ
_p14.00
_r0
_sY
_tBOOK
_u2017-7-20
_xINGENIERIA
_PP26
_0COMPRA
_o.STAFF. Colección General Juliaca
999 _a664.076 L85 2010
_wDEWEY
_c2
_iFJ09845
_f2022-2-1
_g4
_lCCODEBUJ1
_mBUJ
_p14.00
_r0
_sY
_tBOOK
_u2017-12-29
_xINGENIERIA
_PP26
_0COMPRA
_o.STAFF. Colección General Juliaca
980 _81
_gALBERTO SANCHEZ Responsable de Automatización